<?xml version="1.0" encoding="UTF-8"?>
<record
    xmlns:xsi="http://www.w3.org/2001/XMLSchema-instance"
    xsi:schemaLocation="http://www.loc.gov/MARC21/slim http://www.loc.gov/standards/marcxml/schema/MARC21slim.xsd"
    xmlns="http://www.loc.gov/MARC21/slim">

  <leader>01389nam0a22003371  4500</leader>
  <controlfield tag="001">rc\4777697</controlfield>
  <controlfield tag="005">20260407121210.0</controlfield>
  <datafield tag="021" ind1=" " ind2=" ">
    <subfield code="a">RU</subfield>
    <subfield code="b">[69-3589]</subfield>
  </datafield>
  <datafield tag="035" ind1=" " ind2=" ">
    <subfield code="a">(NLR Aleph) 009026968</subfield>
  </datafield>
  <datafield tag="090" ind1=" " ind2=" ">
    <subfield code="a">9464420</subfield>
    <subfield code="c">9464420</subfield>
  </datafield>
  <datafield tag="100" ind1=" " ind2=" ">
    <subfield code="a">20130417d1968    |||y0rusy50      ca</subfield>
  </datafield>
  <datafield tag="101" ind1="0" ind2=" ">
    <subfield code="a">rus</subfield>
  </datafield>
  <datafield tag="102" ind1=" " ind2=" ">
    <subfield code="a">RU</subfield>
  </datafield>
  <datafield tag="105" ind1=" " ind2=" ">
    <subfield code="a">y   z   |||c|</subfield>
  </datafield>
  <datafield tag="200" ind1="1" ind2=" ">
    <subfield code="a">&#x41E;&#x447;&#x435;&#x440;&#x43A;&#x438; &#x438;&#x441;&#x442;&#x43E;&#x440;&#x438;&#x438; &#x43C;&#x430;&#x440;&#x43A;&#x441;&#x438;&#x441;&#x442;&#x441;&#x43A;&#x43E;-&#x43B;&#x435;&#x43D;&#x438;&#x43D;&#x441;&#x43A;&#x43E;&#x439; &#x444;&#x438;&#x43B;&#x43E;&#x441;&#x43E;&#x444;&#x438;&#x438; &#x432; &#x411;&#x435;&#x43B;&#x43E;&#x440;&#x443;&#x441;&#x441;&#x438;&#x438;. 1919-1968</subfield>
    <subfield code="f">&#x410;&#x41D; &#x411;&#x421;&#x421;&#x420;. &#x418;&#x43D;-&#x442; &#x444;&#x438;&#x43B;&#x43E;&#x441;&#x43E;&#x444;&#x438;&#x438; &#x438; &#x43F;&#x440;&#x430;&#x432;&#x430;</subfield>
  </datafield>
  <datafield tag="210" ind1=" " ind2=" ">
    <subfield code="a">&#x41C;&#x438;&#x43D;&#x441;&#x43A;</subfield>
    <subfield code="c">&#x41D;&#x430;&#x443;&#x43A;&#x430; &#x438; &#x442;&#x435;&#x445;&#x43D;&#x438;&#x43A;&#x430;</subfield>
    <subfield code="d">1968</subfield>
  </datafield>
  <datafield tag="215" ind1=" " ind2=" ">
    <subfield code="a">278 &#x441;.</subfield>
    <subfield code="d">20</subfield>
  </datafield>
  <datafield tag="300" ind1=" " ind2=" ">
    <subfield code="a">&#x41D;&#x430; 4-&#x439; &#x441;. &#x430;&#x432;&#x442;.: &#x41E;.&#x418;. &#x415;&#x444;&#x440;&#x435;&#x43C;&#x43E;&#x432;&#x430;, &#x41D;.&#x421;. &#x41A;&#x443;&#x43F;&#x447;&#x438;&#x43D;, &#x414;.&#x418;. &#x428;&#x438;&#x440;&#x43E;&#x43A;&#x430;&#x43D;&#x43E;&#x432; &#x438; &#x434;&#x440;.</subfield>
  </datafield>
  <datafield tag="320" ind1=" " ind2=" ">
    <subfield code="a">&#x418;&#x43C;&#x435;&#x43D;&#x43D;&#x43E;&#x439; &#x443;&#x43A;&#x430;&#x437;&#x430;&#x442;&#x435;&#x43B;&#x44C;: &#x441;. 268-275</subfield>
  </datafield>
  <datafield tag="606" ind1=" " ind2=" ">
    <subfield code="a">&#x414;&#x438;&#x430;&#x43B;&#x435;&#x43A;&#x442;&#x438;&#x447;&#x435;&#x441;&#x43A;&#x438;&#x439; &#x43C;&#x430;&#x442;&#x435;&#x440;&#x438;&#x430;&#x43B;&#x438;&#x437;&#x43C;</subfield>
    <subfield code="2">psbo</subfield>
  </datafield>
  <datafield tag="606" ind1=" " ind2=" ">
    <subfield code="a">&#x41C;&#x430;&#x440;&#x43A;&#x441;&#x438;&#x437;&#x43C;-&#x43B;&#x435;&#x43D;&#x438;&#x43D;&#x438;&#x437;&#x43C; &#x432; &#x411;&#x435;&#x43B;&#x43E;&#x440;&#x443;&#x441;&#x441;&#x43A;&#x43E;&#x439; &#x421;&#x421;&#x420;</subfield>
    <subfield code="x">&#x418;&#x441;&#x442;&#x43E;&#x440;&#x438;&#x44F;</subfield>
    <subfield code="2">psbo</subfield>
  </datafield>
  <datafield tag="606" ind1=" " ind2=" ">
    <subfield code="a">&#x418;&#x441;&#x442;&#x43E;&#x440;&#x438;&#x447;&#x435;&#x441;&#x43A;&#x438;&#x439; &#x43C;&#x430;&#x442;&#x435;&#x440;&#x438;&#x430;&#x43B;&#x438;&#x437;&#x43C;</subfield>
    <subfield code="2">psbo</subfield>
  </datafield>
  <datafield tag="701" ind1=" " ind2="1">
    <subfield code="a">&#x41A;&#x443;&#x43F;&#x447;&#x438;&#x43D;</subfield>
    <subfield code="b">&#x41D;.&#x421;.</subfield>
  </datafield>
  <datafield tag="701" ind1=" " ind2="1">
    <subfield code="a">&#x415;&#x444;&#x440;&#x435;&#x43C;&#x43E;&#x432;&#x430;</subfield>
    <subfield code="b">&#x41E;.&#x418;.</subfield>
  </datafield>
  <datafield tag="701" ind1=" " ind2="1">
    <subfield code="a">&#x428;&#x438;&#x440;&#x43E;&#x43A;&#x430;&#x43D;&#x43E;&#x432;</subfield>
    <subfield code="b">&#x414;.&#x418;.</subfield>
  </datafield>
  <datafield tag="712" ind1="0" ind2="2">
    <subfield code="a">&#x418;&#x43D;&#x441;&#x442;&#x438;&#x442;&#x443;&#x442; &#x444;&#x438;&#x43B;&#x43E;&#x441;&#x43E;&#x444;&#x438;&#x438; &#x438; &#x43F;&#x440;&#x430;&#x432;&#x430;</subfield>
    <subfield code="c">&#x41C;&#x438;&#x43D;&#x441;&#x43A;</subfield>
    <subfield code="3">RU\NLR\AUTH\889954932</subfield>
    <subfield code="9">405896</subfield>
  </datafield>
  <datafield tag="801" ind1=" " ind2="0">
    <subfield code="a">RU</subfield>
    <subfield code="b">NLR</subfield>
    <subfield code="g">psbo</subfield>
  </datafield>
  <datafield tag="801" ind1=" " ind2="1">
    <subfield code="a">RU</subfield>
    <subfield code="b">ELAR</subfield>
    <subfield code="2">rusmarc</subfield>
  </datafield>
  <datafield tag="852" ind1=" " ind2=" ">
    <subfield code="a">NLR</subfield>
    <subfield code="j">69-3/1409</subfield>
  </datafield>
  <datafield tag="942" ind1=" " ind2=" ">
    <subfield code="c">BOOK</subfield>
  </datafield>
  <datafield tag="980" ind1=" " ind2=" ">
    <subfield code="a">NB</subfield>
  </datafield>
  <datafield tag="995" ind1=" " ind2=" ">
    <subfield code="5">2013-10-26</subfield>
    <subfield code="b">NLR01</subfield>
    <subfield code="c">NLR01</subfield>
    <subfield code="e">RF31</subfield>
    <subfield code="f">9026968-10</subfield>
    <subfield code="k">69-3/1409</subfield>
    <subfield code="o">0</subfield>
    <subfield code="r">BOOK</subfield>
    <subfield code="s">6931409_</subfield>
  </datafield>
</record>
